000 00497nam a2200169Ia 4500
003 GCL
008 140319s9999 xx 000 0 eng d
040 _aGCL /
_cGCL
082 0 4 _a751.49
_bW S
100 1 _aWYMAN, LELAND CLIFTON
245 1 0 _aSOUTH EAST INDIAN DRYPAINTING /
_cWYMAN, LELAND CLIFTON
260 _a[S.N] :
_bSCHOOL OF AMERICAN RESEARCH BOOK ،
_c1983
490 _aSOUTH WEST INDIAN ART SERIES
_v0
650 0 4 _aINDIANS OF NORTH AMERICA
650 0 4 _aPAINTING
942 _2ddc
_cBK
999 _c19420
_d19420